Statistics for Χώρες πιο κοντά στην Ανδόρα

Click here to take the quiz!

General Stats

  • This quiz has been taken 133 times
  • The average score is 14 of 20

Answer Stats

χλμχώρα% Correct
0Γαλλία
98%
0Ισπανία
98%
485Ιταλία
94%
637Πορτογαλία
93%
515Ελβετία
90%
718Γερμανία
88%
821Βέλγιο
86%
956Κάτω χώρες
84%
832Λουξεμβούργο
81%
474Μονακό
80%
793Αυστρία
75%
880Βατικανό
64%
784Λιχτενστάιν
60%
904Ηνωμένο Βασίλειο
56%
867Μαρόκο
55%
996Σλοβενία
54%
637Αλγερία
53%
856Τυνησία
49%
988Κροατία
42%
873Σαν Μαρίνο
36%

Score Distribution

Percentile by Number Answered

Percent of People with Each Score

Your Score History

You have not taken this quiz